000 00289nam a22001337a 4500
008 170719b xxu||||| |||| 00| 0 eng d
020 _a22650
041 _aeng
080 _a82
100 _a22
101 _aGJL
245 _aFORM IN ENGLISH LITERATURE
_cMCFARLAND, P
942 _2udc
_cBK
999 _c21584
_d21584